Famous Three-Letter Word Movie Titles - Statistics

General Stats
  • This quiz has been taken 44 times
  • The average score is 8 of 21
Answer Stats
Hint Answer % Correct
Will Ferrell, Christmas, 2003 Elf
84%
Seth MacFarlane, Bear, 2012 Ted
79%
Will Smith, Boxing, 2001 Ali
71%
Tom Hanks, Comedy, 1988 Big
61%
Jamie Foxx, Biopic, 2004 Ray
61%
Joaquin Phoenix, Robot, 2013 Her
58%
Oliver Stone, Political, 1991 JFK
50%
South America, Birds, 2011 Rio
47%
Melissa McCarthy, Espionage, 2015 Spy
47%
Horror, James Wan, 2004 Saw
34%
Vin Diesel, Action, 2002 xXx
34%
James Marsden, Easter Bunny, 2011 Hop
26%
Bruce Willis, Morgan Freeman, 2010 RED
24%
Matthew McConaughey, Mississippi, 2012 Mud
21%
Zack Snyder, War, 2006 300
13%
Jennifer Lawrence, Drama, 2015 Joy
13%
Miley Cyrus, RomCom, 2012 LOL
11%
Jeremy Fenner, Ensemble, 2018 Tag
11%
Hugh Jackman, Blackbeard, 2015 Pan
8%
Ted Danson, Ethan Hawke, 1989 Dad
5%
Nicolas Cage, Thriller, 2013 Joe
3%
No matching quizzes found
Score Distribution
Percent of People with Each Score
Percentile by Number Answered
Your Score History
You have not taken this quiz